NCAAF Team Colors: ACC - Statistics

General Stats
  • This quiz has been taken 146 times
    122 since last reset
  • The average score is 12 of 14
Answer Stats
Answer % Correct
Miami
96%
North Carolina
94%
Clemson
93%
Boston College
92%
Duke
92%
Syracuse
92%
Florida St.
87%
Pittsburgh
83%
Georgia Tech
81%
Wake Forest
80%
Virginia
79%
Virginia Tech
78%
NC St.
77%
Louisville
69%
No matching quizzes found
Score Distribution
Percent of People with Each Score
Percentile by Number Answered
Your Score History
You have not taken this quiz since the last reset